| 000 | 00488nam a22001337a 4500 | ||
|---|---|---|---|
| 008 | 230606b |||||||| |||| 00| 0 eng d | ||
| 040 |
_aNational Science Library _cNational Science Library |
||
| 080 |
_a616-071 _bK2 |
||
| 245 |
_aClinical trials _c/ Report of a symposium organised by the Department of pharmaceuticals.................................5 April, !962 |
||
| 260 |
_aLondon: _bThe Pharmaceuticals Press, _c1962 |
||
| 300 | _av, 83p. | ||
| 650 | _aSymposium | ||
| 942 |
_2udc _cSYM |
||
| 999 |
_c40148 _d40148 |
||